| 000 | 00941nmc a2200301 a 4500 | ||
|---|---|---|---|
| 003 | AR-BaBNM | ||
| 005 | 20251128205101.0 | ||
| 008 | 266019s1993 ||||||||||||||000 | spa|| | ||
| 020 | _a950-9310-10-7 | ||
| 040 | _cAR-BaBNM | ||
| 111 | 2 |
_aFeria Internacional del Libro _n9 _cBuenos Aires, Argentina _9may. 3 _d1993 |
|
| 245 | 1 | 0 | _aEducación por satélite |
| 260 |
_aBuenos Aires _bFundación Casa de la Cultura de Córdoba _c1993 |
||
| 300 | 0 | _a88 p. | |
| 490 | 0 | _aEducación | |
| 500 | 0 | _aContiene datos biográficos de los expositores | |
| 650 | 4 | _aSATELITES DE COMUNICACIONES | |
| 650 | 4 | _aENSENANZA POR COMPUTADORA | |
| 650 | 4 | _aTECNOLOGIA EDUCATIVA | |
| 700 | 1 | _aAzcarraga Arana, Alvaro | |
| 700 | 1 | _aCiancaglini, Humberto R. | |
| 700 | 1 | _aCocca, Aldo Armando | |
| 700 | 1 | _aDomínguez, Néstor Antonio | |
| 700 | 1 | _aFernández-Shaw y Baldasano, Félix | |
| 700 | 1 | _aObligado, Alberto | |
| 942 | _cBK | ||
| 998 | _cSILVI | ||
| 999 |
_c9920 _d9920 |
||